|
|
|
|
| LEADER |
00000nam a2200000 a 4500 |
| 001 |
vtls008388605 |
| 003 |
SK-MaSNL |
| 005 |
20260301075522.0 |
| 008 |
251124s1919 xr slo |
| 015 |
|
|
|a SKSNBA19191938-008356
|
| 035 |
|
|
|a SK01SNKBSKHR20010080822
|
| 035 |
|
|
|a SKM000083285
|
| 040 |
|
|
|a SNK
|b slo
|c SNK
|e AACR2
|
| 041 |
1 |
|
|a slo
|a cze
|
| 044 |
|
|
|a xr
|
| 080 |
|
|
|a 885.4-3
|2 1981
|
| 100 |
1 |
|
|a Opitz, Boh.
|4 aut
|4 aui
|9 399749
|
| 245 |
1 |
0 |
|a Kytka slovenských pohádek o dracích a šarkanech
|c sest.: Boh. Opitz ; ilustr. Karel Vítek
|
| 260 |
|
|
|a Praha
|b Šolc a Šimáček
|c [po r. 1919]
|e Praha
|f Neuber, Pour a spol.
|
| 300 |
|
|
|a 134, [1] s.
|c 8°
|
| 500 |
|
|
|a Príhovor B. Opitza v češtine
|
| 505 |
0 |
|
|a Rozprávka: Zakletý les v češtine, všetky ostatné v slov.
|
| 650 |
0 |
7 |
|a rozprávky slovenské
|2 SNK
|9 309410
|
| 655 |
|
7 |
|a umelecká literatúra
|2 SNKPH
|9 60405
|
| 700 |
1 |
|
|a Vítek, Karel
|4 ill
|9 280193
|
| 852 |
|
|
|a Slovenská národná knižnica v Martine
|b 10000
|h MS SC 2868
|
| 852 |
|
|
|a Univerzitná knižnica v Bratislave
|b 300000
|h SF 265
|
| 958 |
|
|
|a RK
|
| 958 |
|
|
|a TL
|
| 999 |
|
|
|c 650463
|d 652393
|
| 952 |
|
|
|a SNK
|b SNK
|y VYP
|7 0
|p 17A0515560
|o snkSD 2868 D1
|i snkKSF 133/58
|0 0
|1 0
|4 0
|d 2006-09-07
|l 0
|r 2026-02-23 18:20:51
|w 2026-02-23
|